000 00539nam a2200193Ia 4500
005 20250923145921.0
008 008 250917s9999 xx 000 0 eng d
037 _aTextual
040 _aDSWL
_beng
_cDSWL
041 _aeng
_2eng
084 _aW;64.213, N86
_qDSWL
245 0 _aPanchayati Raj in Karnataka Today
_cEd. by G. Mathew
260 _aNew Delhi
_b I.S.S. & Concept
_c1986
300 _axii,160p.
365 _aINR
_b100.00
925 _g100.00
942 _cTEXL
_hW;64.213, N86
999 _c1457321
_d1457321